| 000 -LEADER |
| fixed length control field |
01318cam a2200373 i 4500 |
| 001 - CONTROL NUMBER |
| control field |
21619042 |
| 003 - CONTROL NUMBER IDENTIFIER |
| control field |
OSt |
| 005 - DATE AND TIME OF LATEST TRANSACTION |
| control field |
20250908091414.0 |
| 008 - FIXED-LENGTH DATA ELEMENTS--GENERAL INFORMATION |
| fixed length control field |
200721s2020 nyua c 000 1 eng |
| 010 ## - LIBRARY OF CONGRESS CONTROL NUMBER |
| LC control number |
2020032657 |
| 020 ## - INTERNATIONAL STANDARD BOOK NUMBER |
| International Standard Book Number |
9780316508964 |
| Qualifying information |
(paperback) |
| 035 ## - SYSTEM CONTROL NUMBER |
| System control number |
21619042 |
| 040 ## - CATALOGING SOURCE |
| Original cataloging agency |
DLC |
| Language of cataloging |
eng |
| Transcribing agency |
DLC |
| Description conventions |
rda |
| Modifying agency |
DLC |
| -- |
KH8 |
| 082 ## - DEWEY DECIMAL CLASSIFICATION NUMBER |
| Classification number |
FIC TOW |
| 100 1# - MAIN ENTRY--PERSONAL NAME |
| Personal name |
Townsend, Jessica, |
| Dates associated with a name |
1985- |
| Relator term |
author. |
| 245 10 - TITLE STATEMENT |
| Title |
Hollowpox : |
| Remainder of title |
the hunt for Morrigan Crow / |
| Statement of responsibility, etc. |
Jessica Townsend ; illustrated by Jim Madsen. |
| 246 30 - VARYING FORM OF TITLE |
| Title proper/short title |
Hunt for Morrigan Crow |
| 250 ## - EDITION STATEMENT |
| Edition statement |
First US edition. |
| 264 #1 - PRODUCTION, PUBLICATION, DISTRIBUTION, MANUFACTURE, AND COPYRIGHT NOTICE |
| Place of production, publication, distribution, manufacture |
New York ; |
| -- |
Boston : |
| Name of producer, publisher, distributor, manufacturer |
Little, Brown and Company, |
| Date of production, publication, distribution, manufacture, or copyright notice |
2020. |
| 300 ## - PHYSICAL DESCRIPTION |
| Extent |
548 pages : |
| Other physical details |
illustrations ; |
| Dimensions |
21 cm. |
| 336 ## - CONTENT TYPE |
| Content type term |
text |
| Content type code |
txt |
| Source |
rdacontent |
| 337 ## - MEDIA TYPE |
| Media type term |
unmediated |
| Media type code |
n |
| Source |
rdamedia |
| 338 ## - CARRIER TYPE |
| Carrier type term |
volume |
| Carrier type code |
nc |
| Source |
rdacarrier |
| 490 0# - SERIES STATEMENT |
| Series statement |
Nevermoor ; |
| Volume/sequential designation |
[3] |
| 520 ## - SUMMARY, ETC. |
| Summary, etc. |
"Morrigan Crow must uncover the mystery behind a new disease spreading through Nevermoor"-- |
| Assigning source |
Provided by publisher. |
| 521 ## - TARGET AUDIENCE NOTE |
| Target audience note |
Ages 8-12. |
| Source |
Little, Brown and Company. |
| 650 #1 - SUBJECT ADDED ENTRY--TOPICAL TERM |
| Topical term or geographic name entry element |
Magic |
| Form subdivision |
Fiction. |
| 650 #1 - SUBJECT ADDED ENTRY--TOPICAL TERM |
| Topical term or geographic name entry element |
Schools |
| Form subdivision |
Fiction. |
| 650 #1 - SUBJECT ADDED ENTRY--TOPICAL TERM |
| Topical term or geographic name entry element |
Diseases |
| Form subdivision |
Fiction. |
| 650 #1 - SUBJECT ADDED ENTRY--TOPICAL TERM |
| Topical term or geographic name entry element |
Fantasy. |
| 655 #7 - INDEX TERM--GENRE/FORM |
| Genre/form data or focus term |
Fiction. |
| Source of term |
lcgft |
| Authority record control number or standard number |
https://id.loc.gov/authorities/genreForms/gf2014026339 |
| 700 1# - ADDED ENTRY--PERSONAL NAME |
| Personal name |
Madsen, Jim, |
| Dates associated with a name |
1964- |
| Relator term |
illustrator. |
| 942 ## - ADDED ENTRY ELEMENTS (KOHA) |
| Source of classification or shelving scheme |
|
| Koha item type |
Books - Fiction |